000 01790nam0a2200445 4500
001 RU\NLR\bibl\1168605
005 20260408202137.0
010 _a978-5-8071-0237-9
010 _a978-5-8071-0215-7
_92500
021 _aRU
_b2007-76710
_94130
035 _a(NLR Aleph) 001155309
035 _a(nilc)EL/0000150165
035 _aROSTOV\BIBL\0000043821
035 _aROSTOV\BIBL\0000049596
090 _a1503413
_c1503413
100 _a20070911d2007 u y0rusy50 ca
101 1 _arus
_cfre
_ffre
_frus
102 _aRU
105 _ay z |||||
200 1 _aТайна святого Грааля
_eот Ренн-ле-Шато до Марии Магдалины
_fЖан Маркаль
_g[пер. с фр. И.А. Эгипти, Д.А. Нагорной]
210 _aСанкт-Петербург
_cЕвразия
_d2007
215 _a319 с.
_d20
300 _aЗагл. и авт. ориг.: L`enigme du saint Graal / Jean Marcale
454 0 _12001#$aL`enigme du saint Graal$fJean Marcale
_1700#1$aMarcale$bJ$gJean$4070
_tL`enigme du saint Graal
_aMarcale, Jean
605 _a"Грааль"
_lзападноевропейская средневековая легенда о таинственной чаше
_3RU\NLR\AUTH\661492059
_92517593
610 0 _aРаннее христианство
610 0 _aСвятой Грааль
610 0 _aПопулярные издания
686 _a86.371я9
_vLBC/RL
_2rubbk
686 _aЭ37-5
700 1 _aМаркаль
_bЖ.
_gЖан
_4070
801 0 _aRU
_bДонская ГПБ
_c20070911
_gRCR
801 1 _aRU
_bДонская ГПБ
_c20070911
_2rusmarc
801 2 _aRU
_bNLR
_c20071214
_grcr
830 _aпо кн
942 _cBOOK
980 _aNB